ბათუმის შოთა რუსთაველის სახელმწიფო უნივერსიტეტის ბიბლიოთეკა

საქართველოს ახალი და უახლესი ისტორიის საკითხები / (ბიბ.ჩანაწერი № 56392)

000 -ლიდერი
ფიქსირებული სიგრძის საკონტროლო ველი 02326nam a2200277Ia 4500
001 - საკონტროლო ნომერი
საკონტროლო ველი 23505
003 - საკონტროლო ნომრის იდენტიფიკატორი
საკონტროლო ველი GE_BSU
005 - ბოლო ოპერაციის თარიღი და დრო
საკონტროლო ველი 20260210171014.0
008 - ფიქსირებული სიგრძის მონაცემთა ელემენტები - ზოგადი ინფორმაცია
ფიქსირებული სიგრძის საკონტროლო ველი 181216s1998||||ge |||||||||||||| ||geo||
040 ## - კატალოგიზაციის წყარო
Transcribing agency GE_BSU
041 ## - ენის კოდი
Language code of text/sound track or separate title geo
080 ## - უნივერსალური ათობითი კლასიფიკაციის ინდექსი
Universal Decimal Classification number 94(479.22)"15/18 ვ-26
100 ## - მთავარი ჩანაწერი - პიროვნების სახელი
Personal name ვაჩნაძე, მერაბ
9 (RLIN) 26856
245 ## - ცნობა სათაურის შესახებ
Title საქართველოს ახალი და უახლესი ისტორიის საკითხები /
Statement of responsibility, etc მერაბ ვაჩნაძე, ვახტანგ გურული ; რედ.: გულივერ იობაშვილი.
264 ## - წარმოების, გამოცემის, დისტრიბუციის და სხვა ცნობები
გამოცემის, წარმოების, დისტრიბუციის... ადგილი თბილისი :
გამოცემის, წარმოების, დისტრიბუციის... სახელწოდება ინტელექტი,
გამოცემის, წარმოების, დისტრიბუციის... თარიღი 1998.
300 ## - ფიზიკური აღწერა
Extent 28 გვ. ;
Dimensions 20 სმ.
500 ## - ზოგადი შენიშვნა
General note ნაშრომში ავტორები გამოთქვამენ საყურადღებო მოსაზრებას ქართული საისტორიო მეცნიერების განვითარების გზებზე, საქართველოს ახალი და უახლესი ისტორიის პერიოდიზაციასა და ეროვნულ მოძრაობაზე
520 ## - SUMMARY, ETC.
Summary, etc ნაშრომში ავტორები გამოთქვამენ საყურადღებო მოსაზრებას ქართული საისტორიო მეცნიერების განვითარების გზებზე, საქართველოს ახალი და უახლესი ისტორიის პერიოდიზაციასა და ეროვნულ მოძრაობაზე
653 ## - INDEX TERM--UNCONTROLLED
Uncontrolled term საქართველოს ახალი და უახლესი ისტორიის საკითხები
653 ## - INDEX TERM--UNCONTROLLED
Uncontrolled term საქართველოს ახალი ისტორია
653 ## - INDEX TERM--UNCONTROLLED
Uncontrolled term საქართველოს უახლესი ისტორია
700 ## - ADDED ENTRY--PERSONAL NAME
Personal name გურული, ვახტანგ
Relator term ავტორი
9 (RLIN) 26857
700 ## - ADDED ENTRY--PERSONAL NAME
Personal name იობაშვილი, გულივერ
Relator term რედაქტორი
9 (RLIN) 26858
942 ## - ADDED ENTRY ELEMENTS (KOHA)
Koha item type წიგნი
Source of classification or shelving scheme
ეგზემპლარები
ჩამოწერის სტატუსი დაკარგული ეგზემპლარის სტატუსი კლასიფიკაციის წყარო ან თაროზე გაწყობის სქემა დაზიანების სტატუსი არ გაიცემა მუდმივი მდებარეობა (დაცვის ადგილი) ამჟამინდელი ადგილსამყოფელი თაროზე განთავსების ადგილი შეძენის თარიღი ღირებულება, შესყიდვის ნორმალური ფასი სრული შენახვის შიფრი შტრიხკოდი ბოლო ოპერაციის თარიღი ეგზემპლარის მიმდევრობითი ნომერი (კეტერი?) ფასის ძალაში შესვლის თარიღი ეგზემპლარის სახეობა საჯარო შენიშვნა
          ბათუმის შოთა რუსთაველის სახელმწიფო უნივერსიტეტის მთავარი ბიბლიოთეკა ბათუმის შოთა რუსთაველის სახელმწიფო უნივერსიტეტის მთავარი ბიბლიოთეკა წიგნსაცავი 2018-12-17 1.00 94(479.22) 28416 2018-12-17 28416 2018-12-17 წიგნი 1.00 ₾.